Historia del cine español / (Record no. 101968)

MARC details
000 -LEADER
campo de control de longitud fija 00663nam a2200217 i 4500
001 - NÚMERO DE CONTROL
campo de control 101968
003 - IDENTIFICADOR DE NÚMERO DE CONTROL
campo de control ES-MaACL
005 - FECHA Y HORA DE LA ÚLTIMA TRANSACCIÓN
campo de control 20250824211723.0
007 - CAMPO FIJO DE DESCRIPCIÓN FÍSICA--INFORMACIÓN GENERAL
campo de control de longitud fija t|
008 - DATOS DE LONGITUD FIJA--INFORMACIÓN GENERAL
campo de control de longitud fija 051028s1965 sp ||||1| spa d
100 1# - ENTRADA PRINCIPAL--NOMBRE DE PERSONA
Nombre de persona Méndez-Leite, Fernando.
9 (RLIN) 80158
245 10 - MENCIÓN DEL TÍTULO
Título Historia del cine español /
Mención de responsabilidad, etc. Fernando Méndez-Leite.
260 ## - PUBLICACIÓN, DISTRIBUCIÓN, ETC.
Lugar de publicación, distribución, etc. Madrid :
Nombre del editor, distribuidor, etc. Rialp,
Fecha de publicación, distribución, etc. 1965.
300 ## - DESCRIPCIÓN FÍSICA
Extensión 2 v., 86 lám. ;
Dimensiones 22 cm.
490 1# - MENCIÓN DE SERIE
Mención de serie Libros de cine Rialp
650 ## - PUNTO DE ACCESO ADICIONAL DE MATERIA--TÉRMINO DE MATERIA
Término de materia o nombre geográfico como elemento de entrada Cine-
Subdivisión geográfica España-
Subdivisión de forma Historia.
9 (RLIN) 171028
830 00 - PUNTO DE ACCESO ADICIONAL DE SERIE-TÍTULO UNIFORME
Título uniforme Libros de cine Rialp
9 (RLIN) 181163
852 ## - LOCALIZACIÓN
Ubicación ES-MaACL
Número de control de estantería C-27446-7
Sublocalización o colección R.56312
852 ## - LOCALIZACIÓN
Ubicación ES-MaACL
Número de control de estantería L-8178-9
Sublocalización o colección R.108419
Holdings
Estatus retirado Estado de pérdida Estado de daño No para préstamo Biblioteca de origen Biblioteca actual Ubicación en estantería Fecha de adquisición Fuente de adquisición Total de préstamos Signatura topográfica completa Código de barras Visto por última vez Precio de reemplazo Tipo de ítem Koha
        Biblioteca del Ateneo de Madrid Biblioteca del Ateneo de Madrid Depósito 2 17/01/2008     L-8178-9 1106450 23/02/2023 23/02/2023 Libro impreso
        Biblioteca del Ateneo de Madrid Biblioteca del Ateneo de Madrid Depósito 2 17/01/2008     C-27446-7 1106449 23/02/2023 23/02/2023 Libro impreso